50 Charaktere aus Dragonball - Statistiken

Allgemein
  • Dieses Quiz wurde 781 mal gespielt
  • Das Durchschnittsergebnis liegt bei 30 aus 50
Antwortstatistiken
Hinweis Antwort % Korrekt
Hauptcharakter Son Goku
100%
Sohn Son Gohan
97%
Sohn Son Goten
96%
Freund Vegeta
96%
Ehefrau Chi-Chi
93%
Freundin Bulma
90%
Freund Kuririn
88%
Dämon Böser Boo
86%
Dämon Guter Boo
86%
Freund Piccolo
84%
Gegner (DBZ) Cell
83%
Frau von Kuririn C18
81%
Fusion Vegetto/Gogeta
81%
Gegner (DBZ) C17
78%
Gegner (DBZ) Freezer
78%
Freund Trunks
77%
Enkelin Pan
76%
Drache Shenlong
76%
Schwiegertocher Videl
73%
Fusion Gotenks
72%
2. Opa von Pan Mr. Satan
71%
Freund Yamchu
71%
Freund Muten Roshi
70%
Gegner (Saiyajin, DBZ) Radditz
69%
Gegner (Saiyajin, DBZ) Nappa
68%
Gegner (DBZ) C16
67%
Gott der Zerstörung Beerus
66%
Freund Tenshinhan
66%
Untergebener von Beerus Whis
62%
Hat einen Planeten im Jenseits Meister Kaio
55%
Gott Dende
53%
Freund Chaozu
46%
Gegner (DBZ) Ginyu
45%
Gegner (DBZ) Dr. Gero
44%
Gott der Kaios Kaioshin
44%
Diener Gottes Mr. Popo
44%
Gegner (DBGT) Baby
42%
Wahrsagerin Uranai Baba
41%
Gegner (DBZ) Babidi
38%
Gegner (DB Super) Goku Black
34%
Freund Oolong
31%
Gegner (DBZ) Dabra
29%
Freund Yajirobi
26%
Freund Meister Quitte
25%
Diener des Kaioshins Kibito
24%
Freund Oob
22%
Freund Pool
22%
Gegner (DBZ) King Cold
21%
Gegner (DBGT) Super 17
20%
Gegner (DBGT) Dr. Mu
7%
Keine übereinstimmenden Quizze gefunden
Verteilung der Resultate
Anzahl Personen mit jedem Resultat
Perzentil nach korrekt beantworteten Fragen
Ihre Resultats-Entwicklung
Sie haben dieses Quiz noch nicht gespielt